Responses for Show #2807 - Tuesday, November 12, 1996

1996 Celebrity Jeopardy! game 2.

Contestants

[<< previous game]

Sandra Bernhard, a comedienne from Los Angeles

Isaac Mizrahi, a fashion designer from New York City

Melissa Gilbert, an actress from the movie Harvest of Lies

[next game >>]

Jeopardy! Round responses

SCIENCE CLASS
MOVIE COSTUMES
EVILDOERS
FAMILIAR PHRASES
FIRST LADIES
(Alex: And a little bit of everything in...)
HODGEPODGE
    $100 1
Patrick Swayze

Isaac
    $100 12
Attila

Sandra
    $100 8
shove

Isaac
    $100 4
Hillary Clinton

Melissa
    $100 20
(Alex: Obviously, you have not used the product!)
(Melissa: I did not know it existed, but I'm going to have to go & get some!)

doughnuts

Melissa
    $200 2
Michelle Pfeiffer

Melissa
    $200 13
(Melissa: Who was Robin Hood?)

William Tell

Melissa
Triple Stumper
    $200 9
unturned

Isaac
    $200 7
Dolley Madison

Melissa
    $200 21
Model T

Sandra
    $300 3
(Isaac: Who is Alicia Silverstein?)

Alicia Silverstone

IsaacSandra
    $300 17
(Alex: And we have about a minute left in the round.)

Billy the Kid

Sandra
    $300 10
the horse's mouth

Isaac
    $300 14
Barbara Bush

Isaac
    $400 5
Amadeus

Isaac
    $400 18
Rasputin

Sandra
    $400 11
(Sandra: What is 3?)

the third

Sandra
    $400 16
(Sandra: Who is Jacqueline Onassis Kennedy...Bouvier?)
(Alex: Not in the right order, but you got them all in!)

Jacqueline Bouvier Kennedy

Sandra
    $500 6
Bonnie and Clyde

Isaac
    $500 19
typhoid

Melissa
    $500 15
(Isaac: What's something about a wet hen, angry as a wet hen or [*]?)
(Alex: All right, you got it in your third attempt, and we're going to let you keep the $500.)

mad as a wet hen

Isaac
    $500 22
(Sandra: Who was Mamie Eisenhower?)
....
[buzzer sounds to end the round]

Pat Nixon

Sandra

Scores at the first commercial break (after clue 11):

Melissa Isaac Sandra
$500 $1,300 $700

Scores at the end of the Jeopardy! Round:

Melissa Isaac Sandra
$900 $2,100 $1,600

Double Jeopardy! Round responses

"DOUBLE" JEOPARDY
18th CENTURY LITERATURE
TRAVEL U.S.A.
ART
INTERNATIONAL CUISINE
SINGERS
    $200 9
(Sandra: What is Wrigley's Spearmint?)

Doublemint

IsaacSandra
    $200 23
Figaro

Isaac
    $200 7
San Diego

Sandra
    $200 2
James M. Whistler

Melissa
    $200 14
borsch/borscht

Sandra
    $200 1
Prince

Isaac
    $400 19
double bogey

Triple Stumper
    $400 24
nightingale

Isaac
    $400 8
Anheuser-Busch

Melissa
    $400 10
Leonardo da Vinci

Isaac
    $400 15
(Sandra: What is...[time]?)

linguine

IsaacSandra
    $400 3
the Beatles

Sandra
    $600 20
double indemnity

Melissa
    $600 25
"Tom Jones"

Triple Stumper
    $600 11
Vincent Van Gogh

Isaac
    $1,000 16
bouillabaisse

Isaac
    $250 4
Carly Simon

Sandra
    $800 21
double reed

Isaac
    $800 26
Daniel Defoe

Triple Stumper
    $800 12
Grandma Moses

Isaac
    $800 17
arroz con pollo

Isaac
    $800 5
Bob Dylan

Sandra
    $1000 22
(Alex: And we have a minute left.)

double helix

Isaac
    $1000 27
(Isaac: No...who is Adams?)
....
[buzzer sounds to end the round]

Thomas Paine

Isaac
Triple Stumper
    $1000 13
Thomas Gainsborough

Triple Stumper
    $1000 18
(Isaac: I eat a lot, obviously!)

satay

Isaac
    $1000 6
the Eagles

Sandra

Scores at the end of the Double Jeopardy! Round:

Melissa Isaac Sandra
$2,100 $8,900 $3,850
(lock game)

[wagering suggestions for these scores]

Final Jeopardy! Round responses

AMERICAN HISTORY
(Alex: Melissa, you crossed out "Emancipation", but you did not cross out "Proclamation". [*] is right, so I will not accept the cross-out.)
MelissaWhat is The Emancipation Proclamation
$2,100
SandraWhat is Emancipation Freeing The Slaves
$2,500
IsaacWhat is The Emancipation of Slaves
$2,000
the Emancipation Proclamation

Final scores:

Melissa Isaac Sandra
$4,200 $10,900 $6,350
3rd place: $10,000 to the March of Dimes Winner: $10,900 to the Pediatric AIDS Foundation 2nd place: $10,000 to Haven House and Vista del Mar

Game dynamics:

Coryat scores:

Melissa Isaac Sandra
$2,100 $8,500 $4,700
8 R,
1 W
21 R
(including 1 DD),
2 W
13 R
(including 1 DD),
3 W
(including 1 DD)

Combined Coryat: $15,300

[game clues] [game scores] [suggest correction]

Game tape date: 1996-09-29
The J! Archive is created by fans, for fans. Scraping, republication, monetization, and malicious use prohibited; this site may use cookies and collect identifying information. See terms. The Jeopardy! game show and all elements thereof, including but not limited to copyright and trademark thereto, are the property of Jeopardy Productions, Inc. and are protected under law. This website is not affiliated with, sponsored by, or operated by Jeopardy Productions, Inc. Join the discussion at JBoard.tv.